Places To Study
There are group study rooms, individual study carrels, computer labs, and other spaces to study in the Libraries.
Reserve A Group Room| 000 -LEADER | |
|---|---|
| fixed length control field | 00971nam a22001937a 4500 |
| 003 - CONTROL NUMBER IDENTIFIER | |
| control field | OSt |
| 005 - DATE AND TIME OF LATEST TRANSACTION | |
| control field | 20250926163529.0 |
| 008 - FIXED-LENGTH DATA ELEMENTS--GENERAL INFORMATION | |
| fixed length control field | 250926b |||||||| |||| 00| 0 eng d |
| 040 ## - CATALOGING SOURCE | |
| Transcribing agency | DCL |
| 082 ## - DEWEY DECIMAL CLASSIFICATION NUMBER | |
| Classification number | ၂၉၄.၃၀၇၂ |
| 100 0# - MAIN ENTRY--PERSONAL NAME | |
| Personal name | စန္ဒိမာ(ပေါက်)၊ |
| Titles and words associated with a name | အရှင် |
| 245 10 - TITLE STATEMENT | |
| Title | ခေတ်သစ်ဓမ္မပါလရွာနှင့် အခြားသုတေသနဆောင်းပါးများ / |
| Statement of responsibility, etc. | အရှင်စန္ဒိမာ(ပေါက်)။ |
| 264 ## - PRODUCTION, PUBLICATION, DISTRIBUTION, MANUFACTURE, AND COPYRIGHT NOTICE | |
| Place of production, publication, distribution, manufacture | ရန်ကုန် ၊ |
| Name of producer, publisher, distributor, manufacturer | စွယ်တော်စာပေ၊ |
| Date of production, publication, distribution, manufacture, or copyright notice | ၂၀၂၄။ |
| 300 ## - PHYSICAL DESCRIPTION | |
| Extent | ၂၅၂ စာမျက်နှာ ၊ |
| Dimensions | ၂၁ စင်တီ။ |
| 504 ## - BIBLIOGRAPHY, ETC. NOTE | |
| Bibliography, etc. note | ကျမ်းကိုးစာရင်းပါဝင်သည်။ |
| 650 ## - SUBJECT ADDED ENTRY--TOPICAL TERM | |
| Topical term or geographic name entry element | ဗုဒ္ဓဘာသာ |
| Form subdivision | သုတေသန |
| 650 ## - SUBJECT ADDED ENTRY--TOPICAL TERM | |
| Topical term or geographic name entry element | ဗုဒ္ဓဘာသာ |
| Form subdivision | ဆောင်းပါး |
| 942 ## - ADDED ENTRY ELEMENTS (KOHA) | |
| Source of classification or shelving scheme | Dewey Decimal Classification |
| Koha item type | Short Term |
| Suppress in OPAC | No |
| Withdrawn status | Lost status | Source of classification or shelving scheme | Damaged status | Not for loan | Collection | Accession No. | Home library | Current library | Shelving location | Date acquired | Total checkouts | Full call number | Barcode | Date last seen | Price effective from | Koha item type |
|---|---|---|---|---|---|---|---|---|---|---|---|---|---|---|---|---|
| Dewey Decimal Classification | Myanmar Collection | ၂၃၁၁(၁) | Dhammadhara | Dhammadhara | Myanmar Shelves | 26/09/2025 | ၂၉၄.၃၀၇၂ စန် ၂၃၁၁(၁) | MB00002311 | 26/09/2025 | 26/09/2025 | Short Term | |||||
| Dewey Decimal Classification | Myanmar Collection | ၂၃၁၂(၂) | Dhammadhara | Dhammadhara | Myanmar Shelves | 26/09/2025 | ၂၉၄.၃၀၇၂ စန် ၂၃၁၂(၂) | MB00002312 | 26/09/2025 | 26/09/2025 | Short Term |